<?xml version="1.0" encoding="UTF-8"?>
<collection xmlns="http://www.loc.gov/MARC21/slim">
 <record>
  <leader>01402pam a22002898a 4500</leader>
  <controlfield tag="001">00025820</controlfield>
  <controlfield tag="005">20171026081023.0</controlfield>
  <controlfield tag="008">110811s2009                  ||||||Viesd</controlfield>
  <datafield tag="020" ind1=" " ind2=" ">
   <subfield code="c">29000</subfield>
  </datafield>
  <datafield tag="041" ind1="0" ind2="#">
   <subfield code="a">Vie</subfield>
  </datafield>
  <datafield tag="082" ind1="1" ind2="4">
   <subfield code="a">639.8</subfield>
   <subfield code="b">K600TH</subfield>
  </datafield>
  <datafield tag="100" ind1="1" ind2="#">
   <subfield code="a">Đỗ Đoàn Hiệp</subfield>
  </datafield>
  <datafield tag="245" ind1="1" ind2="0">
   <subfield code="a">Kỹ thuật nuôi trồng thủy sản</subfield>
   <subfield code="c">Đỗ Đoàn Hiệp, Phạm Tân Tiến</subfield>
  </datafield>
  <datafield tag="250" ind1="#" ind2="#">
   <subfield code="a">Tái bản lần thứ 1</subfield>
  </datafield>
  <datafield tag="260" ind1="#" ind2="#">
   <subfield code="b">Giáo dục</subfield>
   <subfield code="a">H.</subfield>
   <subfield code="c">2009</subfield>
  </datafield>
  <datafield tag="300" ind1="#" ind2="#">
   <subfield code="a">239 tr.</subfield>
   <subfield code="b">Hình ảnh</subfield>
   <subfield code="c">24 cm.</subfield>
  </datafield>
  <datafield tag="650" ind1="#" ind2="4">
   <subfield code="a">Kỹ thuật</subfield>
  </datafield>
  <datafield tag="650" ind1="#" ind2="4">
   <subfield code="a">Nuôi trồng thủy sản</subfield>
  </datafield>
  <datafield tag="653" ind1="#" ind2="#">
   <subfield code="a">Sản xuất giống</subfield>
  </datafield>
  <datafield tag="653" ind1="#" ind2="#">
   <subfield code="a">Thủy sản</subfield>
  </datafield>
  <datafield tag="852" ind1="#" ind2="#">
   <subfield code="b">Kho mượn</subfield>
   <subfield code="j">KGT.0031776</subfield>
  </datafield>
  <datafield tag="852" ind1="#" ind2="#">
   <subfield code="b">Kho đọc</subfield>
   <subfield code="j">KD.0010657</subfield>
  </datafield>
  <datafield tag="852" ind1="#" ind2="#">
   <subfield code="j">KGT.0031776, KGT.0031777, KGT.0031778, KGT.0031779, KGT.0039209, KGT.0039210, KGT.0039211, KGT.0039212, KGT.0039213, KGT.0039214, KGT.0039215, KGT.0039216, KGT.0039217, KGT.0039218, KGT.0039219, KGT.0039220, KGT.0039221, KGT.0039222, KGT.0039223, KGT.0039224, KGT.0039225, KGT.0039226, KGT.0038240</subfield>
   <subfield code="b">Kho giáo trình</subfield>
  </datafield>
  <datafield tag="852" ind1="#" ind2="#">
   <subfield code="j">KGT.0031777</subfield>
   <subfield code="j">KGT.0031778</subfield>
   <subfield code="j">KD.0010657</subfield>
   <subfield code="j">KGT.0039209</subfield>
   <subfield code="j">KGT.0039210</subfield>
   <subfield code="j">KGT.0039212</subfield>
   <subfield code="j">KGT.0039213</subfield>
   <subfield code="j">KGT.0039215</subfield>
   <subfield code="j">KGT.0039216</subfield>
   <subfield code="j">KGT.0038240</subfield>
   <subfield code="j">KGT.0039211</subfield>
   <subfield code="j">KGT.0039214</subfield>
   <subfield code="j">KGT.0039217</subfield>
   <subfield code="j">KGT.0031776</subfield>
   <subfield code="j">KGT.0031779</subfield>
  </datafield>
  <datafield tag="910" ind1=" " ind2=" ">
   <subfield code="d">11/08/2011</subfield>
  </datafield>
  <datafield tag="980" ind1="#" ind2="#">
   <subfield code="a">Trung tâm Học liệu Lê Vũ Hùng, Trường Đại học Đồng Tháp</subfield>
  </datafield>
 </record>
</collection>
